LEADER 00978nam0-2200325---450- 001 990009200110403321 005 20100617121748.0 010 $a978-88-15-12309-1 035 $a000920011 035 $aFED01000920011 035 $a(Aleph)000920011FED01 035 $a000920011 100 $a20100617d2008----km-y0itay50------ba 101 0 $aita 102 $aIT 105 $ay-------001yy 200 1 $aDa stato unitario a stato federale$eterritorializzazione della politica, devoluzione e adattamento istituzionale in Europa$fa cura di Sofia Ventura 210 $aBologna$cil Mulino$d2008 215 $a232 p.$d21 cm 225 1 $a<>Mulino Ricerca 610 0 $aFederalismo$aEuropa 676 $a321.02094$v21$zita 702 1$aVentura,$bSofia 801 0$aIT$bUNINA$gREICAT$2UNIMARC 901 $aBK 912 $a990009200110403321 952 $aII F 182$b45616$fFSPBC 959 $aFSPBC 996 $aDa stato unitario a stato federale$9774980 997 $aUNINA LEADER 01336nas 2200421-a 450 001 996215849203316 005 20190804010412.5 035 $a(OCoLC)191885772 035 $a(CKB)991042726063642 035 $a(CONSER)--2008263055 035 $a(EXLCZ)99991042726063642 100 $a20080208a19629999 s-- - 101 0 $aeng 135 $aur||||||||||| 181 $ctxt$2rdacontent 182 $cc$2rdamedia 183 $acr$2rdacarrier 200 10$aAnnual report /$fOverseas Development Institute 210 $aLondon $cOverseas Development Institute 311 $a0260-860X 517 1 $aODI annual report 517 1 $aOverseas Development Institute annual report 531 $aANNUAL REPORT 606 $aEconomic assistance$zDeveloping countries$vPeriodicals 606 $aTechnical assistance$zDeveloping countries$vPeriodicals 606 $aEconomic assistance$2fast$3(OCoLC)fst00901592 606 $aTechnical assistance$2fast$3(OCoLC)fst01144732 607 $aDeveloping countries$2fast 608 $aPeriodicals.$2fast 615 0$aEconomic assistance 615 0$aTechnical assistance 615 7$aEconomic assistance. 615 7$aTechnical assistance. 676 $a338.91/062/42 906 $aJOURNAL 912 $a996215849203316 996 $aAnnual report$9162222 997 $aUNISA